J. F. Kennedy y Marilyn Monroe : (Record no. 149389)
[ view plain ]
| 000 -CABECERA | |
|---|---|
| campo de control de longitud fija | 00717nam a2200217 u 4500 |
| 005 - FECHA Y HORA DE LA ÚLTIMA TRANSACCIÓN | |
| campo de control | 20220622063442.0 |
| 008 - ELEMENTOS DE LONGITUD FIJA--INFORMACIÓN GENERAL | |
| campo de control de longitud fija | 100811s2009 mx r 000 0 spa d |
| 020 ## - NÚMERO INTERNACIONAL NORMALIZADO PARA LIBROS | |
| Número Internacional Estándar del Libro | 9786074570359 |
| 035 ## - NÚMERO DE CONTROL DEL SISTEMA | |
| Número de control de sistema | UPN01000177286 |
| 049 ## - COLECCIÓN | |
| Colección | CG |
| 050 #4 - SIGNATURA TOPOGRÁFICA DE LA BIBLIOTECA DEL CONGRESO | |
| Número de clasificación | PQ7798.13 A4.4 |
| Número de documento/Ítem | J6.4 |
| 100 1# - ASIENTO PRINCIPAL--NOMBRE PERSONAL | |
| Nombre de persona | Callás, Cordelia, |
| Fechas asociadas al nombre | 1950- |
| 9 (RLIN) | 34623 |
| 245 10 - MENCIÓN DE TÍTULO | |
| Título | J. F. Kennedy y Marilyn Monroe : |
| Resto del título | el romance que incomodó al poder / |
| Mención de responsabilidad, etc. | Cordelia Callás. |
| 260 ## - PUBLICACIÓN, DISTRIBUCIÓN, ETC. | |
| Lugar de publicación, distribución, etc. | México : |
| Nombre del editor, distribuidor, etc. | L. D.Books, |
| Fecha de publicación, distribución, etc. | 2009. |
| 300 ## - DESCRIPCIÓN FÍSICA | |
| Extensión | 164 p. |
| 440 #0 - MENCIÓN DE SERIE/ASIENTO SECUNDARIO--TÍTULO | |
| Título | Grandes amores de la historia |
| 650 #0 - ASIENTO SECUNDARIO DE MATERIA - TERMINO TEMATICO | |
| Término de materia o nombre geográfico como elemento de entrada | Novela argentina |
| 9 (RLIN) | 5078 |
| 600 14 - ASIENTO SECUNDARIO DE MATERIA - NOMBRE PERSONAL | |
| Nombre de persona | KENNEDY, JOHN FITZGERALD, |
| Fechas asociadas al nombre | 1917-1963 - |
| Subdivisión de forma | NOVELA |
| 9 (RLIN) | 17497 |
| 600 14 - ASIENTO SECUNDARIO DE MATERIA - NOMBRE PERSONAL | |
| Nombre de persona | MONROE, MARILYN, |
| Fechas asociadas al nombre | 1926-1962 - |
| Subdivisión de forma | NOVELA |
| 9 (RLIN) | 17496 |
| 905 ## - TIPO DE MATERIAL | |
| Tipo de material | Libro |
| Estado de retiro | Estado de pérdida | Fuente del sistema de clasificación o colocación | Estado dañado | No para préstamo | Código de colección | Localización permanente | Ubicación/localización actual | Ubicación en estantería | Total de préstamos | Clasificación | Código de barras | Fecha visto por última vez | Número de copia | Tipo de ítem Koha |
|---|---|---|---|---|---|---|---|---|---|---|---|---|---|---|
| Library of Congress Classification | Colección General | Bib. Gregorio Torres Quintero | Bib. Gregorio Torres Quintero | Planta baja | 2 | PQ7798.13 A4.4J 6.4 | 273172 | 31/12/2020 | 1 | Libro |
